| 000 | 00705nam a22001337a 4500 | ||
|---|---|---|---|
| 040 | _cRUA | ||
| 082 | _aAED LEM 2018 B657 Or.1 | ||
| 100 | _aLEM POV លេម ពៅ | ||
| 245 | _athe study on economic efficiency of chichken of po slik farm in osray commune, tramkok district, takeo province ការសិក្សារអំពីប្រសិទ្ធសេដ្ឋកិច្ចផលិតកម្មមាន់យកសាច់ជាលក្ចណះកសិដ្ឋាន ឃុំអូរសារាយ ស្រុកត្រាំកក់ ខេត្តតាកែវ | ||
| 260 |
_aRUA _bPhnom penh _c2018 |
||
| 300 |
_aix;39p _bill; _c29cm |
||
| 856 | _u LEM POV | ||
| 942 | _cAED | ||
| 999 |
_c18743 _d18743 |
||